Fukuoka Metro Stations with map - Statistics

General Stats
  • This quiz has been taken 39 times
  • The average score is 24 of 38
Answers on the Map
Answers color-coded by a green-red scale on the quiz's map according to % correct below.
 
Answer Stats
Answer % Correct
Hakata 博多
100%
Hakata 博多
100%
Fukuoka Kuko 福岡空港
88%
Tenjin 天神
88%
Nakasu Kawabata 中洲川端
82%
Nakasu Kawabata 中洲川端
82%
Tenjin Minami 天神南
82%
Meinohama 姪浜
76%
Yakuin 薬院
76%
Akasaka 赤坂
71%
Kaizuka 貝塚
71%
Kushida Shrine 櫛田神社前
71%
Nishijin 西新
71%
Ohori Koen (Fukuoka Art Museum)大濠公園(福岡美術館口)
71%
Tojinmachi 唐人町
71%
Gion (Hakata Old Town)祇園(博多旧市街口)
65%
Hashimoto 橋本
65%
Higashi Hie 東比恵
65%
Nanakuma 七隈
65%
Fujisaki 藤崎
59%
Fukudaimae 福大前
59%
Jiromaru 次郎丸
59%
Muromi 室見
59%
Befu 別府
53%
Gofukumachi 呉服町
53%
Kanayama 金山
53%
Noke 野芥
53%
Sakurazaka 桜坂
53%
Watanabe Dori 渡辺通
53%
Chayama 茶山
47%
Chiyo Kencho Guchi 千代県庁口
47%
Hakozaki Kyudaimae 箱崎九大前
47%
Ropponmatsu (Science Museum)六本松(科学館前)
47%
Umebayashi 梅林
47%
Yakuin Odori (Zoo & Botanical Garden)薬院大通(動植物園口)
47%
Hakozakimiyamae 箱崎宮前
41%
Maidashi Kyudai Byoinmae 馬出九大病院前
41%
Kamo 賀茂
35%
No matching quizzes found
Score Distribution
Percent of People with Each Score
Percentile by Number Answered
Your Score History
You have not taken this quiz